Water resources engineering : (Record no. 8189)

MARC details
000 -LEADER
fixed length control field 00756nam a22002655i 4500
001 - CONTROL NUMBER
control field 19483033
003 - CONTROL NUMBER IDENTIFIER
control field OSt
005 - DATE AND TIME OF LATEST TRANSACTION
control field 20231006125914.0
008 - FIXED-LENGTH DATA ELEMENTS--GENERAL INFORMATION
fixed length control field 170206s2017 nyu 000 0 eng
010 ## - LIBRARY OF CONGRESS CONTROL NUMBER
LC control number 2017933224
020 ## - INTERNATIONAL STANDARD BOOK NUMBER
International Standard Book Number 9781119590514
040 ## - CATALOGING SOURCE
Original cataloging agency DLC
Language of cataloging eng
Description conventions rda
Transcribing agency DLC
042 ## - AUTHENTICATION CODE
Authentication code pcc
082 ## - DEWEY DECIMAL CLASSIFICATION NUMBER
Classification number 627 MAY 2019.
245 00 - TITLE STATEMENT
Title Water resources engineering :
Remainder of title essential methods /
Statement of responsibility, etc. [edited by] Rose Marie O. Mendoza.
263 ## - PROJECTED PUBLICATION DATE
Projected publication date 1704
264 #1 - PRODUCTION, PUBLICATION, DISTRIBUTION, MANUFACTURE, AND COPYRIGHT NOTICE
Place of production, publication, distribution, manufacture New York, NY :
Name of producer, publisher, distributor, manufacturer Arcler Press LLC,
Date of production, publication, distribution, manufacture, or copyright notice 2019
300 ## - PHYSICAL DESCRIPTION
Extent pages cm
336 ## - CONTENT TYPE
Content type term text
Content type code txt
Source rdacontent
337 ## - MEDIA TYPE
Media type term unmediated
Media type code n
Source rdamedia
338 ## - CARRIER TYPE
Carrier type term volume
Carrier type code nc
Source rdacarrier
906 ## - LOCAL DATA ELEMENT F, LDF (RLIN)
a 0
b ibc
c orignew
d 2
e epcn
f 20
g y-gencatlg
942 ## - ADDED ENTRY ELEMENTS (KOHA)
Source of classification or shelving scheme Dewey Decimal Classification
Koha item type Open Shelf
Holdings
Withdrawn status Lost status Source of classification or shelving scheme Damaged status Not for loan Home library Current library Date acquired Source of acquisition Inventory number Total Checkouts Full call number Barcode Date last seen Koha item type Price effective from
    Dewey Decimal Classification     MUST Main Library MUST Main Library 06/10/2023 Purchase 23/42157   627 MAY 2019. 2023-0579 06/10/2023 Open Shelf  
    Dewey Decimal Classification     MUST Main Library MUST Main Library 06/10/2023 Purchase 23/42158   627 MAY 2019. 2023-0580 06/10/2023 Open Shelf 06/10/2023